| 000 | 00606nam a2200229 a 4500 | ||
|---|---|---|---|
| 001 | BRCA_7190 | ||
| 005 | 20190320205738.0 | ||
| 008 | 160112s1974----gw-#######---#000-0#ger-# | ||
| 041 | _ager | ||
| 044 | _agw | ||
| 050 | 4 |
_aBX955 _b.R36 1874 |
|
| 100 | 1 |
_aRanke, Leopold von _d1795-1886 _917818 |
|
| 245 | 1 | 0 |
_aDie ro¨mischen pa¨pste... _cLeopold Ranke. |
| 250 | _a6a. ed. | ||
| 260 |
_aLeipzig, Alemania _bDuncker & Humboldt _c1974 |
||
| 300 |
_a1 v. _c21 cm. |
||
| 500 | _aLa biblioteca cuenta con el v. 3 | ||
| 500 | _aP82 | ||
| 650 | 1 | 4 |
_aPapas _xHistoria _917819 |
| 902 | _aGFM | ||
| 942 |
_2lcc _cB |
||
| 999 |
_c6871 _d6871 |
||